Vista normal
Vista MARC
- Davies, William David
Entrada Autor personal
Número de registros utilizados en: 1
001 - NUMERO DE CONTROL
- Campo de control: 2951
003 - IDENTIFICADOR DE NUMERO DE CONTROL
- Campo de control: CO-MdFUSB
005 - HORA Y FECHA DE LA ULTIMA TRANSACCIÓN
- Campo de control: 20200302111009.0
008 - CAMPO DE LONGITUD FIJA
- Campo fijo de descripción fija: 200302|| aca||aabn | a|a d
040 ## - AGENCIA DE CATALOGACIÓN ORIGINAL
- Lenguaje de catalogación: spa
- Agencia que hace la transcripción: CO-MdFUSB
100 ## - AUTOR PERSONAL
- Autor personal: Davies, William David
370 ## - LUGARES ASOCIADOS
- Lugar de nacimiento: Glanaman,
- País asociado: Reino Unido
- Otros lugares asociados: Canadá
375 ## - GENERO
- Género: Masculino
377 ## - IDIOMA ASOCIADO
- Código del idioma: eng
